000 01499nam a2200301 i 4500
003 DO-SdBNP
005 20250714114821.0
007 ta
008 250714b2025 dr ac||| |||| 00| 0 spa d
020 _a9789945224177
040 _aDO-SdBNP
_bspa
_cBNPHU
_erda
041 _aspa
082 4 _axxx
_bS939a
_222
100 1 _aSuárez, Ingrid
_eautor
_4aut.
_988348
245 1 0 _aAlas de héroes :
_buna historia de resiliencia, valentía, amor y fe /
_cIngrid Suárez ; ilustraciones, Amabel Linnette Fernández Bonilla.
250 _aPrimera edición
264 _aSanto Domingo, República Dominicana
_bEditora Búho, S.L.R.,
_c2025.
300 _a98 páginas :
_bilustraciones, retratos ;
_c23 cm.
336 _atexto
_btxt
_2rdacontent
337 _asin mediación
_bn
_2rdamedia
338 _avolumen
_bnc
_2rdacarrier
500 _aIncluye datos biográficos de la autora en las solapas
505 _aIntroducción --
_gCapítulo 1
_tConvertir la adversidad en oportunidad de aprendizaje y crecimiento interior, 17 --
_gCapítulo 2
_t¿Qué hacer frente a lo desconocido? ¡Un camino mas claro!, 33 --
_gCapítulo 3
_t¿Cómo enfrentar al miedo? --
_gCapítulo 4
_t¿La resiliencia frente a lo irreversible? --
_gCapítulo 5
_t¿Cómo mantener la esperanza frente a la adversidad?, 71 --
_gCapítulo 6
_tClaves para construir una vida plena, 83 --
590 _aInventariado, 2025 /LP
700 1 _aFernández Bonilla, Amabel Linnette,
_eilustrador
_4il.
_978144
910 _aLP
942 _2ddc
_cLBS1
999 _c59526
_d59526